Score 0/24 Timer 05:00
5 Plays Today
% Correct
The Louvre, France
94%
Alcatraz Island, United States of America
93.3%
Taj Mahal, India
91.9%
Windsor Castle, United Kingdom
91.1%
Mt. Fuji, Japan
89.3%
Great Sphinx of Giza, Egypt
88.8%
Brandenburg Gate, Germany
85.6%
Mt. Vesuvius, Italy
85.2%
Forbidden City, China
85%
CN Tower, Canada
80.8%
Christ the Redeemer, Brazil
78.8%
Machu Picchu, Peru
76.2%
% Correct
Sagrada Família, Spain
75.5%
Chichen Itza, Mexico
72.6%
St. Basil's Cathedral, Russia
70.8%
Uluru, Australia
64.2%
Petronas Towers, Malaysia
54.4%
Table Mountain, South Africa
52.2%
Petra, Jordan
51.6%
Los Glaciares National Park, Argentina
46.3%
Angkor Wat, Cambodia
46%
Mt. Kilimanjaro, Tanzania
43.2%
Kaaba, Saudi Arabia
33.7%
Maasai Mara, Kenya
29.8%

You're not logged in!

Compare scores with friends on all Sporcle quizzes.
OR
Log In

Sporcle TV

Today on Sporcle TV


Watch our educational content, quiz creation guides, and fun videos on Sporcle TV.

Show Comments

Extras

Top Quizzes Today


Score Distribution

Paid Content

Your Account Isn't Verified!

In order to create a playlist on Sporcle, you need to verify the email address you used during registration. Go to your Sporcle Settings to finish the process.

Report this User

Report this user for behavior that violates our Community Guidelines.

Details: